000
00313nam a22001337a 4500
008
250312b |||||||| |||| 00| 0 eng d
020
_a
9789354662560
040
_a
02
100
_a
AGARWAL,GAURAV
245
_a
INTRODUCTION TO GENERAL PHARMACY
260
_a
NEW DELHI
_b
CBS
_c
2023
300
_a
372
942
_c
01
999
_c
65358
_d
65358